000 00336nam a2200145Ia 4500
008 210312s9999||||xx |||||||||||||| ||und||
041 _aosm
050 _aTX19
050 _bM44.R44
100 _aMehmed İzzet
245 0 _aRehber-i umur-ı beytiyye
260 _c1320
500 _a2. cilt
650 _aEv ekonomisi--Türkiye--Tarih
999 _c22173
_d22173